Phantom Files: an AJ Docker and Banshee ./ Gary Gerlacher
A brutal murder of a well-known and respected senior physician at Tempe General shocks the community. But it's just the beginning-a violent avenger stalks the hospital's corridors and more people may be on his kill list. After AJ Docker fails to resuscitate the first victim, he is determined to prevent further violence. With his friend Dirk at his side and Banshee guarding his back, Doc hunts for the killer. His inquiries uncover the hospital's dark, sordid past and lead him to seek files rumored to contain information that might identify the killer. No one knows whether the files actually exist, and it's unclear who is helping Doc and who might be helping the killer. Phantom Files once again showcases Gerlacher's medical knowledge skillfully integrated with a complex plot full of twists and turns. The pace is fast, the action intense, and the characters unforgettable-as readers have come to expect from this bestselling series.
Record details
- ISBN: 1685137229
- ISBN: 9781685137229
- ISBN: 1685137210
- ISBN: 9781685137212
- Physical Description: 249 pages ; 23 cm
- Publisher: [S.l.] : Black Rose Writing, 2026.
Search for related items by subject
| Subject: | Emergency physicians > Fiction. Murder > Fiction. Victim > Fiction. Doctor > Fiction. Dog > Fiction. |
| Genre: | Medical fiction. Detective and mystery fiction. Thrillers (Fiction) |
Search for related items by series
Available copies
- 0 of 1 copy available at scottsboropl.
Holds
- 0 current holds with 1 total copy.
Show All Copies
| Location | Call Number / Copy Notes | Barcode | Shelving Location | Status | Due Date |
|---|
| LDR | 00876cam a22002773 4500 | ||
|---|---|---|---|
| 001 | 167495 | ||
| 003 | SBPL | ||
| 005 | 20260519163333.0 | ||
| 008 | 251203s2026 xx 0|| 0 eng d | ||
| 020 | . | ‡a1685137229 | |
| 020 | . | ‡a9781685137229 | |
| 020 | . | ‡a1685137210 | |
| 020 | . | ‡a9781685137212 | |
| 035 | . | ‡a(OCoLC)1557946295 ‡z(OCoLC)1557940870 | |
| 100 | 1 | . | ‡aGerlacher, Gary. : ‡eauthor |
| 245 | 1 | 0. | ‡aPhantom Files: ‡ban AJ Docker and Banshee ./ ‡cGary Gerlacher |
| 260 | . | ‡a[S.l.] : ‡bBlack Rose Writing, ‡c2026. | |
| 300 | . | ‡a249 pages ; ‡c23 cm | |
| 336 | . | ‡atext ‡btxt ‡2rdacontent | |
| 337 | . | ‡aunmediated ‡bn ‡2rdamedia | |
| 338 | . | ‡avolume ‡bnc ‡2rdacarrier | |
| 490 | 1 | . | ‡aAJ Docker and Banshee : ‡vBk 6 |
| 520 | . | ‡aA brutal murder of a well-known and respected senior physician at Tempe General shocks the community. But it's just the beginning-a violent avenger stalks the hospital's corridors and more people may be on his kill list. After AJ Docker fails to resuscitate the first victim, he is determined to prevent further violence. With his friend Dirk at his side and Banshee guarding his back, Doc hunts for the killer. His inquiries uncover the hospital's dark, sordid past and lead him to seek files rumored to contain information that might identify the killer. No one knows whether the files actually exist, and it's unclear who is helping Doc and who might be helping the killer. Phantom Files once again showcases Gerlacher's medical knowledge skillfully integrated with a complex plot full of twists and turns. The pace is fast, the action intense, and the characters unforgettable-as readers have come to expect from this bestselling series. | |
| 650 | 0. | ‡aEmergency physicians ‡vFiction. | |
| 650 | 0. | ‡aMurder ‡vFiction. | |
| 650 | 0. | ‡aVictim ‡vFiction. | |
| 650 | 0. | ‡aDoctor ‡vFiction. | |
| 650 | 0. | ‡aDog ‡vFiction. | |
| 655 | 7. | ‡aMedical fiction. ‡2lcgft | |
| 655 | 7. | ‡aDetective and mystery fiction. ‡2lcgft | |
| 655 | 7. | ‡aThrillers (Fiction) ‡2lcgft | |
| 710 | 2 | . | ‡aBlack Rose Writing (Firm),: ‡epublisher. |
| 800 | 1 | . | ‡aAJ Docker and Banshee : ‡vBk 6 |
| 830 | 1 | . | ‡aGerlacher, Gary. ‡tAJ Docker and Banshee thriller (Series) ; ‡vBk 6. |
| 901 | . | ‡a167495 ‡bAUTOGEN ‡c167495 ‡tbiblio | |